000 00259nam a22001097a 4500
008 180730b xxu||||| |||| 00| 0 eng d
082 _a813.52
245 _aPractice-based learning and improvement
_cGME
260 _c2005
300 _a1
_fCD
942 _2ddc
_cMX
999 _c46665
_d46665